| 000 | 00651nam a22002532i 4500 | ||
|---|---|---|---|
| 999 |
_c6829 _d6829 |
||
| 001 | 6829 | ||
| 003 | UkOxU | ||
| 005 | 20180304174958.0 | ||
| 008 | 860101s1958 xxk j 000 0 eng d | ||
| 035 | _aOCLC ocm30246618 from D950829M | ||
| 040 |
_aUKM _cUKM _dEQO |
||
| 041 | _aeng | ||
| 082 | _a823.91 | ||
| 082 |
_a823.912 _218 _bGIL 1983 |
||
| 100 | 1 |
_aGilbert, Kenneth, _d1889-1973. |
|
| 245 | 1 | 0 |
_aWolf Dog Valley / _c Kenneth Gilbert, |
| 260 |
_aCollins, _c1958 |
||
| 300 |
_a188 p. : _bill. ; _c19 cm |
||
| 490 | 1 | _aSeagull library | |
| 650 | _aDetective and mystery stories | ||
| 830 | 0 | _aSeagull library | |
| 942 |
_2ddc _cBK |
||